Дело об ассигновании из казны сумм на устройство летних помещений для чинов Елизаветпольской гимназии и Эриванско-Елизаветпольск...

Доступно только в Электронных читальных залах Найти на картеНа карте
RUSMARC
00003769nmc2a22002413x 450
0013f04b5e1-1c9f-405f-ac8a-f21ca0e4816b
00520211216115919.0
100##$a20210726l18841885k l0rusy0189 ca
1010#$arus
102##$aRU
105##$ae###
1222#$ad
2001#$aДело об ассигновании из казны сумм на устройство летних помещений для чинов Елизаветпольской гимназии и Эриванско-Елизаветпольской дирекции
$j12 июня 1884 г. - 12 июня 1885 г.
215##$a48 л.
$cплан.
$d36,5х26 см
251##$cДело
300##$aДело
371##$aДокумент не является опубликованным и широко распространяемым
461#0$1001a74412a3-3cc5-4d21-8f0a-dfe2fbd9e72d
$12001
$aДепартамент народного просвещения Министерства народного просвещения (1803-1917)
$1251
$cФонд
$1852
$j733
462#0$1001b33464f2-4bc4-41e3-b4bc-525e855f0eb0
$12001
$aДела разряда общих дел Министерства народного просвещения
$1251
$cОпись
$1852
$j194
801#0$aRU
$bРГИА
$c20210726
$gRCR
801#1$aRU
$bГлавНИВЦ
$c20210726
$2rusmarc
801#2$aRU
$bПБ им. Б.Н. Ельцина
$c20211216
$gRCR
$2rusmarc
850##$aРГИА
852##$aРГИА
$eФедеральное казенное учреждение "Российский государственный исторический архив" (РГИА)
$j455
937##$hРГИА
$d12371840
$aASBIBLIO_SCAN
035##$aRusGRCC00033103
856##$uhttp://readingroom.main.prlib.ru/item.aspx?id_node=n171686942&mode=full
Формат отображения